Teilhard de Chardin

Uloženo v:
Podrobná bibliografie
Hlavní autor: Ballester Escalas, Rafael (Autor)
Médium: Kniha
Jazyk:španělština
Vydáno: Barcelona Toray 1967
Témata:
Tagy: Přidat tag
Žádné tagy, Buďte první, kdo vytvoří štítek k tomuto záznamu!

MARC

LEADER 00000nam a2200000 a 4500
001 UCZ0100
003 CL-VaPUC
008 950724e19670100SP |||||||||||||||||spa|d
082 0 4 |a 922.244  |b BAL  |2 21 
100 0 |a Ballester Escalas, Rafael  |e author  |9 342713 
245 1 0 |a Teilhard de Chardin 
300 |a 218 p 
942 |c BK 
945 |d 19950724 00:00:00  |a cmena 
260 |a Barcelona  |b Toray  |c 1967 
600 0 7 |a TEILHARD DE CHARDIN, PIERRE  |2 CL-VaPUC  |9 315457 
650 0 |a Biografías  |9 255210 
650 0 |a Filósofos   |9 269126 
650 7 |a PALEONTOLOGOS  |2 CL-VaPUC  |9 342714 
650 0 |a Teólogos   |9 321227 
583 |a last modification  |c 19950724 00:00:00  |k Rodrigo Vera 
999 |c 237072  |d 237070 
952 |0 0  |1 0  |4 0  |6 922_244000000000000_BAL_1967  |7 0  |8 A  |9 245802  |a BIBEDU  |b BIBEDU  |d 2019-11-18  |i 1542745  |o 922.244 BAL 1967  |p 1542745  |r 2019-11-18  |w 2019-11-18  |y BK  |k EDU